Η σημερινή θέσις του εμπορίου : δοκίμιον

Αποθηκεύτηκε σε:
Λεπτομέρειες βιβλιογραφικής εγγραφής
Κύριος συγγραφέας: Καμβυσίδης, Δημήτριος Ι.
Μορφή: Βιβλίο
Γλώσσα:Greek
Δημοσίευση: Εν Αθήναις : [χ.ό], 1930.
Θέματα:
Ετικέτες: Προσθήκη ετικέτας
Δεν υπάρχουν, Καταχωρήστε ετικέτα πρώτοι!

MARC

LEADER 00000cam a2200000 i 4500
001 1/60182
008 141124s1930 gr | ||| |||| ||gre||
035 |l 10119828 
040 |a GR-MyUA  |b gre  |e AACR2 
041 0 |a gre 
082 0 |a 380  |2 (23) 
100 1 |a Καμβυσίδης, Δημήτριος Ι. 
245 1 2 |a Η σημερινή θέσις του εμπορίου :   |b δοκίμιον /   |c Δημήτριος Ι. Καμβυσίδης.  
260 |a Εν Αθήναις :   |b [χ.ό],   |c 1930.  
300 |a 20 σ. ;   |c 24 εκ.  
650 0 0 |a Commerce. 
852 |a INST  |b SAMOS  |c PORFYRIADA  |e 20141124  |h 380 ΚΑΜ  |p 005300037213  |q 005300037213  |t NOLOAN  |y 23 
901 |a BIBL3-2014-3 
909 |a Σ  |b 185361 
970 |a ΣΙΤΖΙΜΗ  |b ΓΙΑΣΕΜΗ  |z 2014/11/24